| 000 | 00418nam a22001457a 4500 | ||
|---|---|---|---|
| 082 |
_a621.384. _bKAZ. _cL-11, P-100. |
||
| 100 |
_aKazinik, M. _941680 |
||
| 245 |
_aLaboratory Practice in Radio _cKazinik, M. |
||
| 260 |
_aMoscow. _bMir _cc1971. |
||
| 300 |
_a96 p. _bill. _c16 cm. |
||
| 526 |
_a0 _b0 _c0 _d621_384000000000000__KAZ |
||
| 526 |
_a0 _b0 _c0 _d621_384000000000000__KAZ |
||
| 650 |
_aMCE _9379 |
||
| 942 |
_2ddc _cBK |
||
| 999 |
_c545722 _d545722 |
||